000 00975nam a22003137a 4500
003 CHAP
005 20220329140145.0
008 971013s1983 r 00010 d
010 _a47832
011 _a48804
035 _a52951
040 _cCHAP
082 _a633.88348
_bS4
100 0 0 _aSerna E., Gonzalo.
_9105164
245 _aGeneralidades del anis (Pimpinella anisum L.)
260 _aMedellín :
_bUniversidad Nacional de Colombia. Facultad de Agronomía,
_c1983
300 _a47 h.
500 _aFotocopia
590 _aBATCH-UPD
_b10
_c20130109
_lUCH01
_h2349
590 _aBATCH-UPD
_b10
_c20130110
_lUCH01
_h1127
590 _aBATCH-UPD
_b10
_c20130410
_lUCH01
_h0716
590 _aBATCH-UPD
_b10
_c20130914
_lUCH01
_h0350
590 _aCONVERSION
_b10
_c20130109
_lUCH01
_h1326
650 1 4 _aAnís.
_96000
700 0 _aSierra J., Alfonso E.
_9105856
901 _aBK
942 _cLIBRO
949 _a633.88348 S4
_bBC
_cLIBRO
_d-117687
_eLIBRO
_h89654
_i52951
_mD
_si
999 _c47832
_d47832